<?xml version="1.0" encoding="UTF-8"?>
<record
    xmlns:xsi="http://www.w3.org/2001/XMLSchema-instance"
    xsi:schemaLocation="http://www.loc.gov/MARC21/slim http://www.loc.gov/standards/marcxml/schema/MARC21slim.xsd"
    xmlns="http://www.loc.gov/MARC21/slim">

  <leader>02022nam0a2200349   4500</leader>
  <controlfield tag="001">RU\NLR\BIBL_A\011943673</controlfield>
  <controlfield tag="005">20260407092733.0</controlfield>
  <datafield tag="035" ind1=" " ind2=" ">
    <subfield code="a">(NLR Aleph) 011943673</subfield>
  </datafield>
  <datafield tag="090" ind1=" " ind2=" ">
    <subfield code="a">11106351</subfield>
    <subfield code="c">11106351</subfield>
  </datafield>
  <datafield tag="100" ind1=" " ind2=" ">
    <subfield code="a">20190221d1983    |||y0rusy50      ca</subfield>
  </datafield>
  <datafield tag="101" ind1="0" ind2=" ">
    <subfield code="a">rus</subfield>
  </datafield>
  <datafield tag="102" ind1=" " ind2=" ">
    <subfield code="a">RU</subfield>
  </datafield>
  <datafield tag="105" ind1=" " ind2=" ">
    <subfield code="a">y   z   100zy</subfield>
  </datafield>
  <datafield tag="200" ind1="1" ind2=" ">
    <subfield code="a">II &#x43D;&#x430;&#x443;&#x447;&#x43D;&#x44B;&#x435; &#x447;&#x442;&#x435;&#x43D;&#x438;&#x44F;, &#x43F;&#x43E;&#x441;&#x432;&#x44F;&#x449;&#x435;&#x43D;&#x43D;&#x44B;&#x435; &#x43F;&#x430;&#x43C;&#x44F;&#x442;&#x438; &#x430;&#x43A;&#x430;&#x434;&#x435;&#x43C;&#x438;&#x43A;&#x43E;&#x432; &#x418;.&#x410;. &#x411;&#x430;&#x442;&#x43C;&#x430;&#x43D;&#x43E;&#x432;&#x430;, &#x41A;.&#x41A;. &#x42E;&#x434;&#x430;&#x445;&#x438;&#x43D;&#x430;, &#x411;.&#x41C;. &#x42E;&#x43D;&#x443;&#x441;&#x430;&#x43B;&#x438;&#x435;&#x432;&#x430;, 18-19 &#x43E;&#x43A;&#x442;. 1983</subfield>
    <subfield code="e">(&#x442;&#x435;&#x437;&#x438;&#x441;&#x44B; &#x434;&#x43E;&#x43A;&#x43B;&#x430;&#x434;&#x43E;&#x432; &#x438; &#x441;&#x43E;&#x43E;&#x431;&#x449;&#x435;&#x43D;&#x438;&#x439;)</subfield>
    <subfield code="f">&#x410;&#x41D; &#x41A;&#x438;&#x440;&#x433;&#x421;&#x421;&#x420;, &#x418;&#x43D;&#x441;&#x442;&#x438;&#x442;&#x443;&#x442; &#x44F;&#x437;. &#x438; &#x43B;&#x438;&#x442;., &#x41A;&#x438;&#x440;&#x433;. &#x433;&#x43E;&#x441;. &#x443;&#x43D;-&#x442; &#x438;&#x43C;. 50-&#x43B;&#x435;&#x442;&#x438;&#x44F; &#x421;&#x421;&#x421;&#x420;, &#x41A;&#x430;&#x444;&#x435;&#x434;&#x440;&#x430; &#x43A;&#x438;&#x440;&#x433;. &#x44F;&#x437;&#x44B;&#x43A;&#x43E;&#x437;&#x43D;&#x430;&#x43D;&#x438;&#x44F;</subfield>
  </datafield>
  <datafield tag="210" ind1=" " ind2=" ">
    <subfield code="a">&#x424;&#x440;&#x443;&#x43D;&#x437;&#x435;</subfield>
    <subfield code="c">&#x418;&#x43B;&#x438;&#x43C;</subfield>
    <subfield code="d">1983</subfield>
  </datafield>
  <datafield tag="215" ind1=" " ind2=" ">
    <subfield code="a">67 &#x441;.</subfield>
    <subfield code="d">20</subfield>
  </datafield>
  <datafield tag="600" ind1=" " ind2="1">
    <subfield code="a">&#x42E;&#x43D;&#x443;&#x441;&#x430;&#x43B;&#x438;&#x435;&#x432;</subfield>
    <subfield code="b">&#x411;.&#x41C;.</subfield>
    <subfield code="f">1913 - 1970</subfield>
    <subfield code="g">&#x411;&#x43E;&#x43B;&#x43E;&#x442; &#x41C;&#x443;&#x440;&#x430;&#x436;&#x430;&#x43B;&#x438;&#x435;&#x432;&#x438;&#x447;</subfield>
    <subfield code="9">2017736</subfield>
    <subfield code="3">RU\NLR\AUTH\661213298</subfield>
  </datafield>
  <datafield tag="606" ind1="1" ind2=" ">
    <subfield code="a">&#x41A;&#x438;&#x440;&#x433;&#x438;&#x437;&#x441;&#x43A;&#x438;&#x439; &#x44F;&#x437;&#x44B;&#x43A;</subfield>
    <subfield code="j">&#x421;&#x431;&#x43E;&#x440;&#x43D;&#x438;&#x43A;&#x438;</subfield>
    <subfield code="9">1323837</subfield>
    <subfield code="3">RU\NLR\AUTH\66550086</subfield>
  </datafield>
  <datafield tag="606" ind1="1" ind2=" ">
    <subfield code="a">&#x422;&#x44E;&#x440;&#x43A;&#x441;&#x43A;&#x438;&#x435; &#x44F;&#x437;&#x44B;&#x43A;&#x438;</subfield>
    <subfield code="j">&#x421;&#x431;&#x43E;&#x440;&#x43D;&#x438;&#x43A;&#x438;</subfield>
    <subfield code="9">928004</subfield>
    <subfield code="3">RU\NLR\AUTH\6622637</subfield>
  </datafield>
  <datafield tag="686" ind1="1" ind2=" ">
    <subfield code="a">&#x428;163.25&#x44F;434</subfield>
  </datafield>
  <datafield tag="686" ind1="1" ind2=" ">
    <subfield code="a">&#x428;163&#x44F;434</subfield>
  </datafield>
  <datafield tag="686" ind1="1" ind2=" ">
    <subfield code="a">&#x428;1&#x433;(2=&#x41A;&#x438;)7&#x434;&#x42E;&#x43D;&#x443;&#x441;&#x430;&#x43B;&#x438;&#x435;&#x432;</subfield>
  </datafield>
  <datafield tag="702" ind1=" " ind2="1">
    <subfield code="4">570</subfield>
    <subfield code="7">ca</subfield>
    <subfield code="8">rus</subfield>
    <subfield code="a">&#x411;&#x430;&#x442;&#x43C;&#x430;&#x43D;&#x43E;&#x432;</subfield>
    <subfield code="b">&#x418;. &#x410;.</subfield>
    <subfield code="f">1906-1969</subfield>
    <subfield code="g">&#x418;&#x433;&#x43E;&#x440;&#x44C; &#x410;&#x43B;&#x435;&#x43A;&#x441;&#x435;&#x435;&#x432;&#x438;&#x447;</subfield>
    <subfield code="9">202027</subfield>
    <subfield code="3">RU\NLR\AUTH\770202078</subfield>
  </datafield>
  <datafield tag="702" ind1=" " ind2="1">
    <subfield code="a">&#x42E;&#x434;&#x430;&#x445;&#x438;&#x43D;</subfield>
    <subfield code="b">&#x41A;. &#x41A;.</subfield>
    <subfield code="f">1890-1975</subfield>
    <subfield code="g">&#x41A;&#x43E;&#x43D;&#x441;&#x442;&#x430;&#x43D;&#x442;&#x438;&#x43D; &#x41A;&#x443;&#x437;&#x44C;&#x43C;&#x438;&#x447;</subfield>
    <subfield code="4">570</subfield>
  </datafield>
  <datafield tag="702" ind1=" " ind2="1">
    <subfield code="4">570</subfield>
    <subfield code="7">ca</subfield>
    <subfield code="8">rus</subfield>
    <subfield code="a">&#x42E;&#x43D;&#x443;&#x441;&#x430;&#x43B;&#x438;&#x435;&#x432;</subfield>
    <subfield code="b">&#x411;. &#x41C;.</subfield>
    <subfield code="f">1913-1970</subfield>
    <subfield code="g">&#x411;&#x43E;&#x43B;&#x43E;&#x442; &#x41C;&#x443;&#x440;&#x430;&#x442;&#x430;&#x43B;&#x438;&#x435;&#x432;&#x438;&#x447;</subfield>
    <subfield code="9">208607</subfield>
    <subfield code="3">RU\NLR\AUTH\770208661</subfield>
  </datafield>
  <datafield tag="710" ind1="1" ind2="2">
    <subfield code="a">&#x41D;&#x430;&#x443;&#x447;&#x43D;&#x44B;&#x435; &#x447;&#x442;&#x435;&#x43D;&#x438;&#x44F;, &#x43F;&#x43E;&#x441;&#x432;&#x44F;&#x449;&#x435;&#x43D;&#x43D;&#x44B;&#x435; &#x43F;&#x430;&#x43C;&#x44F;&#x442;&#x438; &#x418;. &#x410;. &#x411;&#x430;&#x442;&#x43C;&#x430;&#x43D;&#x43E;&#x432;&#x430;, &#x41A;. &#x41A;. &#x42E;&#x434;&#x430;&#x445;&#x438;&#x43D;&#x430;, &#x411;. &#x41C;. &#x42E;&#x43D;&#x443;&#x441;&#x430;&#x43B;&#x438;&#x435;&#x432;&#x430;</subfield>
    <subfield code="d">2</subfield>
    <subfield code="f">1983</subfield>
    <subfield code="e">&#x424;&#x440;&#x443;&#x43D;&#x437;&#x435;</subfield>
    <subfield code="3">RU\NLR\AUTH\8810050671</subfield>
    <subfield code="9">601495</subfield>
  </datafield>
  <datafield tag="852" ind1=" " ind2=" ">
    <subfield code="a">NLR</subfield>
    <subfield code="j">84-4/14410</subfield>
  </datafield>
  <datafield tag="942" ind1=" " ind2=" ">
    <subfield code="c">BOOK</subfield>
  </datafield>
  <datafield tag="980" ind1=" " ind2=" ">
    <subfield code="a">NB</subfield>
  </datafield>
</record>
